000 00793nam a2200241 a 4500
001 BRCA_3529
005 20190320204324.0
008 280709s1909----nyu#---###---#000-0#eng-#
041 _aeng
044 _anyu
050 4 _aF1215
_b.K57 1909
100 1 _aKirkham, Stanton Davis
_99164
245 1 0 _aMexican Trails
_bA record of travel in Mexico, 1904 - 07, and a glimpse at the life of the Mexican Indian
_cby Stanton Davis Kirkham.
260 _aNew York
_bG. P. Putnam´s
_c1909
300 _a293 p.
_bil., 23 láminas
_c20 cm.
500 _aIncluye índice alfabético y lista de ilustraciones
500 _aB195
650 1 4 _aViajeros estadounidenses
_97583
650 1 4 _aIndios de México
_99165
651 4 _aMéxico
_xDescripción y viajes
_9103
902 _aGFM
942 _2lcc
_cB
999 _c3264
_d3264